<?xml version="1.0" encoding="UTF-8"?>
<record
    xmlns:xsi="http://www.w3.org/2001/XMLSchema-instance"
    xsi:schemaLocation="http://www.loc.gov/MARC21/slim http://www.loc.gov/standards/marcxml/schema/MARC21slim.xsd"
    xmlns="http://www.loc.gov/MARC21/slim">

  <leader>01683nam a22002657a 4500</leader>
  <controlfield tag="003">NALT</controlfield>
  <controlfield tag="005">20250910144448.0</controlfield>
  <controlfield tag="008">210329b        th ||||| |||| 00| 0 tha d</controlfield>
  <datafield tag="040" ind1=" " ind2=" ">
    <subfield code="a">NALT</subfield>
  </datafield>
  <datafield tag="090" ind1=" " ind2=" ">
    <subfield code="a">ELR 112/1 2564</subfield>
  </datafield>
  <datafield tag="100" ind1="0" ind2=" ">
    <subfield code="9">40418</subfield>
    <subfield code="a">&#xE44;&#xE0A;&#xE22;&#xE22;&#xE28; &#xE2A;&#xE31;&#xE19;&#xE15;&#xE4C;&#xE2A;&#xE31;&#xE07;&#xE27;&#xE23;</subfield>
  </datafield>
  <datafield tag="245" ind1="1" ind2="0">
    <subfield code="a">&#xE01;&#xE32;&#xE23;&#xE2A;&#xE23;&#xE49;&#xE32;&#xE07;&#xE40;&#xE04;&#xE23;&#xE37;&#xE48;&#xE2D;&#xE07;&#xE21;&#xE37;&#xE2D;&#xE2A;&#xE33;&#xE2B;&#xE23;&#xE31;&#xE1A;&#xE01;&#xE32;&#xE23;&#xE08;&#xE31;&#xE14;&#xE17;&#xE33;&#xE2B;&#xE25;&#xE31;&#xE01;&#xE2A;&#xE39;&#xE15;&#xE23;&#xE41;&#xE25;&#xE30;&#xE23;&#xE2B;&#xE31;&#xE2A;&#xE21;&#xE32;&#xE15;&#xE23;&#xE10;&#xE32;&#xE19;&#xE43;&#xE19;&#xE01;&#xE32;&#xE23;&#xE1D;&#xE36;&#xE01;&#xE2D;&#xE1A;&#xE23;&#xE21;&#xE02;&#xE49;&#xE32;&#xE23;&#xE32;&#xE0A;&#xE01;&#xE32;&#xE23;&#xE2A;&#xE33;&#xE19;&#xE31;&#xE01;&#xE07;&#xE32;&#xE19;&#xE40;&#xE25;&#xE02;&#xE32;&#xE18;&#xE34;&#xE01;&#xE32;&#xE23;&#xE2A;&#xE20;&#xE32;&#xE1C;&#xE39;&#xE49;&#xE41;&#xE17;&#xE19;&#xE23;&#xE32;&#xE29;&#xE0E;&#xE23; /</subfield>
    <subfield code="c">&#xE44;&#xE0A;&#xE22;&#xE22;&#xE28; &#xE2A;&#xE31;&#xE19;&#xE15;&#xE4C;&#xE2A;&#xE31;&#xE07;&#xE27;&#xE23;</subfield>
  </datafield>
  <datafield tag="246" ind1="3" ind2="0">
    <subfield code="a">&#xE1C;&#xE25;&#xE07;&#xE32;&#xE19;&#xE2B;&#xE23;&#xE37;&#xE2D;&#xE1C;&#xE25;&#xE2A;&#xE33;&#xE40;&#xE23;&#xE47;&#xE08;&#xE02;&#xE2D;&#xE07;&#xE07;&#xE32;&#xE19;&#xE17;&#xE35;&#xE48;&#xE40;&#xE01;&#xE34;&#xE14;&#xE08;&#xE32;&#xE01;&#xE01;&#xE32;&#xE23;&#xE1B;&#xE0F;&#xE34;&#xE1A;&#xE31;&#xE15;&#xE34;&#xE07;&#xE32;&#xE19;&#xE43;&#xE19;&#xE15;&#xE33;&#xE41;&#xE2B;&#xE19;&#xE48;&#xE07;&#xE2B;&#xE19;&#xE49;&#xE32;&#xE17;&#xE35;&#xE48;&#xE23;&#xE31;&#xE1A;&#xE1C;&#xE34;&#xE14;&#xE0A;&#xE2D;&#xE1A;</subfield>
  </datafield>
  <datafield tag="260" ind1=" " ind2=" ">
    <subfield code="a">&#xE01;&#xE23;&#xE38;&#xE07;&#xE40;&#xE17;&#xE1E;&#xE2F; :</subfield>
    <subfield code="b">&#xE2A;&#xE33;&#xE19;&#xE31;&#xE01;&#xE07;&#xE32;&#xE19;&#xE40;&#xE25;&#xE02;&#xE32;&#xE18;&#xE34;&#xE01;&#xE32;&#xE23;&#xE2A;&#xE20;&#xE32;&#xE1C;&#xE39;&#xE49;&#xE41;&#xE17;&#xE19;&#xE23;&#xE32;&#xE29;&#xE0E;&#xE23;,</subfield>
    <subfield code="c">2564.</subfield>
  </datafield>
  <datafield tag="300" ind1=" " ind2=" ">
    <subfield code="a">117 &#xE2B;&#xE19;&#xE49;&#xE32; :</subfield>
    <subfield code="b">&#xE15;&#xE32;&#xE23;&#xE32;&#xE07;, &#xE41;&#xE1C;&#xE19;&#xE20;&#xE32;&#xE1E; ;</subfield>
    <subfield code="c">29 &#xE0B;&#xE21;.</subfield>
  </datafield>
  <datafield tag="650" ind1=" " ind2="0">
    <subfield code="a">&#xE01;&#xE32;&#xE23;&#xE1E;&#xE31;&#xE12;&#xE19;&#xE32;&#xE1A;&#xE38;&#xE04;&#xE25;&#xE32;&#xE01;&#xE23;</subfield>
    <subfield code="9">9621</subfield>
  </datafield>
  <datafield tag="650" ind1=" " ind2="4">
    <subfield code="9">14045</subfield>
    <subfield code="a">&#xE01;&#xE32;&#xE23;&#xE1D;&#xE36;&#xE01;&#xE2D;&#xE1A;&#xE23;&#xE21;</subfield>
  </datafield>
  <datafield tag="650" ind1=" " ind2="0">
    <subfield code="a">&#xE02;&#xE49;&#xE32;&#xE23;&#xE32;&#xE0A;&#xE01;&#xE32;&#xE23;&#xE23;&#xE31;&#xE10;&#xE2A;&#xE20;&#xE32;&#xE2A;&#xE32;&#xE21;&#xE31;&#xE0D;</subfield>
    <subfield code="x">&#xE01;&#xE32;&#xE23;&#xE1D;&#xE36;&#xE01;&#xE2D;&#xE1A;&#xE23;&#xE21;</subfield>
    <subfield code="9">51330</subfield>
  </datafield>
  <datafield tag="850" ind1=" " ind2=" ">
    <subfield code="a">NALT</subfield>
  </datafield>
  <datafield tag="856" ind1="4" ind2="0">
    <subfield code="u">https://hdl.handle.net/20.500.14156/2003634</subfield>
  </datafield>
  <datafield tag="942" ind1=" " ind2=" ">
    <subfield code="c">IS</subfield>
    <subfield code="2">local</subfield>
  </datafield>
  <datafield tag="996" ind1=" " ind2=" ">
    <subfield code="a">kanyakorn.i</subfield>
    <subfield code="b">LIBSTF</subfield>
    <subfield code="c">2025-07-14</subfield>
  </datafield>
  <datafield tag="999" ind1=" " ind2=" ">
    <subfield code="c">98203</subfield>
    <subfield code="d">98203</subfield>
  </datafield>
  <datafield tag="998" ind1=" " ind2=" ">
    <subfield code="j">8</subfield>
    <subfield code="k"> &#xE19;&#xE32;&#xE22;&#xE1A;&#xE31;&#xE13;&#xE11;&#xE34;&#xE15;  &#xE2D;&#xE38;&#xE17;&#xE32;&#xE27;&#xE07;&#xE04;&#xE4C;</subfield>
  </datafield>
  <datafield tag="952" ind1=" " ind2=" ">
    <subfield code="0">0</subfield>
    <subfield code="1">0</subfield>
    <subfield code="2">local</subfield>
    <subfield code="4">0</subfield>
    <subfield code="7">0</subfield>
    <subfield code="8">CIS</subfield>
    <subfield code="a">NALT</subfield>
    <subfield code="b">NALT</subfield>
    <subfield code="c">IS</subfield>
    <subfield code="d">2021-03-29</subfield>
    <subfield code="l">23</subfield>
    <subfield code="m">15</subfield>
    <subfield code="o">ELR 112/1 2564</subfield>
    <subfield code="p">3961211817</subfield>
    <subfield code="r">2025-09-17 00:00:00</subfield>
    <subfield code="s">2025-09-10</subfield>
    <subfield code="w">2021-03-29</subfield>
    <subfield code="y">IS</subfield>
  </datafield>
</record>
